000 00735nam a2200217 a 4500
001 000005320
005 20200929151637.0
008 090819s2003 sp d 001 0 spa d
020 _a8400081269
040 _aDO-SdBNP
_bspa
_cBNPHU
082 _axxxx
_bG463c
100 1 _aGil Rodríguez, Manuel
_915096
245 1 0 _aCálculos avanzados en procesos de descontaminación de aguas /
_cManuel Gil Rodríguez.
260 _aMadrid, España :
_bConsejo Superior de Investigaciones Científicas,
_c2003.
300 _a230 p. :
_bdiagraf. ;
_c24 cm.
490 1 _aBiblioteca de ciencias
_v9
500 _aIncluye índice alfabético
504 _aBibliografía : p. 223-225
830 0 _aBiblioteca de ciencias
_n9
_915097
049 _aBNPD
999 _c5121
_d5121